| 000 | 01243nam a22003497a 4500 | ||
|---|---|---|---|
| 003 | EG-ScBUE | ||
| 005 | 20220619111251.0 | ||
| 008 | 110627s2008 enka f 000 f eng d | ||
| 020 | _a1405882174 | ||
| 020 | _a9781405882170 | ||
| 040 |
_aEG-ScBUE _beng _erda _cEG-ScBUE _dEG-ScBUE |
||
| 082 | 0 | 4 |
_a823.8 _bHAR _222 |
| 100 | 1 |
_923606 _aHardy, Thomas, _d1840-1928, _eauthor. |
|
| 245 | 1 | 0 |
_aFar from the madding crowd / _cThomas Hardy ; retold by Jennifer Basset. |
| 264 | 1 |
_aHarlow, England : _bPearson Education Limited, _c2008. |
|
| 300 |
_a60 pages : _billustrations ; _c20 cm + _e2 CD. |
||
| 336 |
_2rdacontent _atext _btxt |
||
| 336 |
_2rdacontent _asounds _bsnd |
||
| 337 |
_2rdamedia _aunmediated _bn |
||
| 337 |
_2rdamedia _aaudio _bs |
||
| 338 |
_2rdacarrier _avolume _bnc |
||
| 338 |
_2rdacarrier _acomputer disc _bcd |
||
| 490 | 0 |
_aPenguin readers ; _vlevel 4 |
|
| 521 | _aB1: Intermediate | ||
| 650 | 7 |
_925955 _aFarm life _zEngland _zWessex _vFiction. _2BUEsh |
|
| 650 | 7 |
_aWomen farmers _zEngland _zWessex _vFiction. _2BUEsh |
|
| 650 | 7 |
_aTriangles (Interpersonal relations) _vFiction. _2BUEsh |
|
| 653 |
_cJune2011 _bHHUUEENN |
||
| 655 |
_vReading book _934232 |
||
| 700 |
_925954 _aBassett, Jennifer, _econtributor. |
||
| 942 |
_2ddc _cBB |
||
| 999 |
_c15653 _d15653 |
||